[Event "4NCL Division 3 South"]
[Site "Milton Keynes, ENG"]
[Date "2022.03.27"]
[Round "6.11"]
[White "Chan, Kim Yew"]
[Black "Finn, Peter"]
[Result "1-0"]
[WhiteElo "2310"]
[BlackElo "2160"]
[PlyCount "81"]
[EventDate "2022.03.27"]
[WhiteTeam "SchachAttack"]
[BlackTeam "CSC 1"]

1. Nf3 Nf6 2. g3 e6 3. Bg2 d5 4. O-O Be7 5. c4 O-O 6. d4 dxc4 7. Qc2 a6 8. a4
Bd7 9. Qxc4 Bc6 10. Bg5 Bd5 11. Qc2 Be4 12. Qc1 c6 13. Nbd2 Bg6 14. Rd1 a5 15.
Bxf6 Bxf6 16. Nb3 Na6 17. Qc3 Nb4 18. e3 Qe7 19. Nfd2 e5 20. Nc4 exd4 21. exd4
Rfd8 22. Ncxa5 Nc2 23. Rac1 Nxd4 24. Nxd4 Bxd4 25. Rxd4 Rxd4 26. Nxc6 bxc6 27.
Qxd4 Rd8 28. Qc3 c5 29. h4 h5 30. a5 Qe2 31. Re1 Qb5 32. Ra1 Rd6 33. Bf1 Bd3
34. Qe5 Rg6 35. Bxd3 Qxd3 36. Qxc5 f5 37. a6 f4 38. a7 Rxg3+ 39. fxg3 Qxg3+ 40.
Kf1 Qf3+ 41. Ke1 1-0

[Event "4NCL Division 3 South"]
[Site "Milton Keynes, ENG"]
[Date "2022.03.27"]
[Round "6.12"]
[White "Frostick, Clive A"]
[Black "Wilks, Simon"]
[Result "1-0"]
[WhiteElo "2109"]
[BlackElo "2061"]
[PlyCount "131"]
[EventDate "2022.03.27"]
[WhiteTeam "CSC 1"]
[BlackTeam "SchachAttack"]

1. e4 e6 2. Nf3 d5 3. Nc3 d4 4. Ne2 c5 5. c3 Nf6 6. cxd4 cxd4 7. e5 Nfd7 8.
Nexd4 Nxe5 9. Bb5+ Nec6 10. O-O Bd7 11. Nb3 a6 12. Be2 Nb4 13. d4 Bc6 14. a3
Nd5 15. Nc5 b6 16. Ne4 Nd7 17. Ne5 Nxe5 18. dxe5 Be7 19. Bd2 Qd7 20. Qb3 O-O
21. Rfd1 Qb7 22. Qg3 Nf4 23. Bxf4 Bxe4 24. Bh6 g6 25. Bxf8 Bxf8 26. Rac1 b5 27.
Qc3 b4 28. axb4 Bxb4 29. Qc7 a5 30. Qxb7 Bxb7 31. Rd7 Bd5 32. Rcc7 Rf8 33. Bc4
Bxc4 34. Rxc4 Kg7 35. f4 h6 36. Kf2 g5 37. g3 Kg6 38. Kf3 f6 39. exf6 Rxf6 40.
Rcc7 gxf4 41. Rg7+ Kf5 42. g4+ Ke5 43. Rc4 Kd5 44. b3 e5 45. Rd7+ Bd6 46. Rb7
Rf8 47. Rb5+ Ke6 48. Rc6 Kd7 49. Ra6 e4+ 50. Kxe4 f3 51. Rd5 Rf6 52. Raxd6+
Rxd6 53. Rxd6+ Kxd6 54. Kxf3 Kc5 55. h4 Kb4 56. g5 hxg5 57. hxg5 Kxb3 58. g6 a4
59. g7 Kb2 60. g8=Q a3 61. Qg7+ Kb1 62. Qg6+ Kb2 63. Qb6+ Ka1 64. Qd4+ Kb1 65.
Qb4+ Ka2 66. Ke3 1-0

[Event "4NCL Division 3 South"]
[Site "Milton Keynes, ENG"]
[Date "2022.03.27"]
[Round "6.13"]
[White "Nicholas, Koichi B"]
[Black "Kalitsis, Nikolaos"]
[Result "1-0"]
[WhiteElo "2094"]
[BlackElo "2033"]
[PlyCount "49"]
[EventDate "2022.03.27"]
[WhiteTeam "SchachAttack"]
[BlackTeam "CSC 1"]

1. e4 e6 2. d4 d5 3. Nc3 Bb4 4. e5 c5 5. a3 Bxc3+ 6. bxc3 Bd7 7. Qg4 Kf8 8.
dxc5 Nc6 9. Nf3 Qc7 10. Qg3 Nge7 11. Bd3 Ng6 12. Rb1 Rb8 13. O-O Be8 14. h4 h6
15. Bxg6 fxg6 16. Nd4 Nd8 17. Qg4 Ke7 18. a4 Rf8 19. c6 Bxc6 20. Ba3+ Ke8 21.
Nxe6 Qd7 22. Qxg6+ Qf7 23. Nxg7+ Kd7 24. Qd6+ Kc8 25. Qxf8 1-0

[Event "4NCL Division 3 South"]
[Site "Milton Keynes, ENG"]
[Date "2022.03.27"]
[Round "6.14"]
[White "Scrimgour, Alan"]
[Black "Robson, Ian A"]
[Result "1/2-1/2"]
[WhiteElo "2055"]
[BlackElo "2071"]
[PlyCount "29"]
[EventDate "2022.03.27"]
[WhiteTeam "CSC 1"]
[BlackTeam "SchachAttack"]

1. e4 e6 2. d4 d5 3. Nc3 dxe4 4. Nxe4 Nd7 5. Nf3 Ngf6 6. Bg5 Be7 7. Bxf6 Nxf6
8. Bd3 O-O 9. Qd2 Qd5 10. Qe2 b6 11. O-O Bb7 12. Rfe1 Nxe4 13. Bxe4 Qxe4 14.
Qxe4 Bxe4 15. Rxe4 1/2-1/2

[Event "4NCL Division 3 South"]
[Site "Milton Keynes, ENG"]
[Date "2022.03.27"]
[Round "6.15"]
[White "Simmons, Matthew"]
[Black "Gopakumar, Siddharth"]
[Result "1-0"]
[WhiteElo "2078"]
[BlackElo "1872"]
[PlyCount "39"]
[EventDate "2022.03.27"]
[WhiteTeam "SchachAttack"]
[BlackTeam "CSC 1"]

1. e4 c5 2. Nc3 d6 3. Bc4 g6 4. d3 Bg7 5. f4 e6 6. Nf3 Nc6 7. O-O Nge7 8. f5
gxf5 9. Bg5 f6 10. Bh4 fxe4 11. dxe4 O-O 12. Bg3 Qb6 13. Na4 Qb4 14. b3 f5 15.
Be1 Qa3 16. Ng5 Nd4 17. c3 b5 18. Bd2 bxc4 19. Bc1 Qxc1 20. Rxc1 1-0

[Event "4NCL Division 3 South"]
[Site "Milton Keynes, ENG"]
[Date "2022.03.27"]
[Round "6.16"]
[White "Stayt, James N"]
[Black "Handley, Michael R"]
[Result "0-1"]
[WhiteElo "1933"]
[BlackElo "2079"]
[PlyCount "42"]
[EventDate "2022.03.27"]
[WhiteTeam "CSC 1"]
[BlackTeam "SchachAttack"]

1. e4 e6 2. d4 d5 3. Nc3 Bb4 4. e5 c5 5. a3 Bxc3+ 6. bxc3 Ne7 7. Qg4 O-O 8. Nf3
Nbc6 9. Bd3 f5 10. exf6 Rxf6 11. Qh4 h6 12. Ne5 Qc7 13. Ng4 Rf7 14. Bxh6 Nf5
15. Qg5 Kf8 16. Nf6 Nxh6 17. Nh7+ Kg8 18. Bg6 cxd4 19. cxd4 Qf4 20. Qxf4 Rxf4
21. c3 e5 0-1

[Event "4NCL Division 3 South"]
[Site "Milton Keynes, ENG"]
[Date "2022.03.27"]
[Round "6.21"]
[White "Cooksey, Paul S"]
[Black "Hughes, Roy"]
[Result "1-0"]
[WhiteElo "2285"]
[BlackElo "2062"]
[PlyCount "63"]
[EventDate "2022.03.27"]
[WhiteTeam "Crowthorne A"]
[BlackTeam "Iceni 1"]

1. d4 d5 2. c4 c6 3. Nf3 Nf6 4. Nc3 e6 5. e3 Nbd7 6. Bd3 Be7 7. O-O O-O 8. e4
dxc4 9. Bxc4 b5 10. Bd3 b4 11. Na4 h6 12. Qe2 e5 13. b3 Bd6 14. Bb2 Qe7 15.
Rac1 Re8 16. Rfe1 Bb7 17. Ba6 Bxa6 18. Qxa6 exd4 19. Bxd4 Ne5 20. Bxe5 Bxe5 21.
Qxc6 Rad8 22. g3 Rd3 23. Kg2 Red8 24. Qc5 Bd6 25. Qc4 Be5 26. Nc5 Rc3 27. Qxb4
Rxc1 28. Rxc1 Bd6 29. e5 Bxe5 30. Re1 Rd5 31. Rxe5 Rxe5 32. Qb8+ 1-0

[Event "4NCL Division 3 South"]
[Site "Milton Keynes, ENG"]
[Date "2022.03.27"]
[Round "6.22"]
[White "Sagues, Vincent"]
[Black "Webb, Richard M"]
[Result "1/2-1/2"]
[WhiteElo "2055"]
[BlackElo "2208"]
[PlyCount "28"]
[EventDate "2022.03.27"]
[WhiteTeam "Iceni 1"]
[BlackTeam "Crowthorne A"]

1. e4 c5 2. Nf3 d6 3. d4 cxd4 4. Nxd4 Nf6 5. f3 Nc6 6. c4 g6 7. Nc3 Bg7 8. Be3
O-O 9. Qd2 Bd7 10. Be2 Nxd4 11. Bxd4 Bc6 12. O-O Nd7 13. Be3 Nc5 14. Rfd1 a5
1/2-1/2

[Event "4NCL Division 3 South"]
[Site "Milton Keynes, ENG"]
[Date "2022.03.27"]
[Round "6.23"]
[White "Thompson, Ian D"]
[Black "Gibbs, Dominic V"]
[Result "1/2-1/2"]
[WhiteElo "2066"]
[BlackElo "1986"]
[PlyCount "36"]
[EventDate "2022.03.27"]
[WhiteTeam "Crowthorne A"]
[BlackTeam "Iceni 1"]

1. Nf3 d6 2. d4 f5 3. Nc3 Nf6 4. Bg5 Nbd7 5. e3 e6 6. Bd3 Be7 7. O-O O-O 8. Nd2
c5 9. Ne2 cxd4 10. exd4 Nd5 11. Bxe7 Qxe7 12. c4 Nb4 13. Bb1 e5 14. Qb3 Nc6 15.
c5+ Kh8 16. cxd6 Qxd6 17. Nc4 Qd5 18. dxe5 Ncxe5 1/2-1/2

[Event "4NCL Division 3 South"]
[Site "Milton Keynes, ENG"]
[Date "2022.03.27"]
[Round "6.24"]
[White "Lewis, Stephen"]
[Black "Coates, Kenneth G"]
[Result "1-0"]
[WhiteElo "1941"]
[BlackElo "2048"]
[PlyCount "57"]
[EventDate "2022.03.27"]
[WhiteTeam "Iceni 1"]
[BlackTeam "Crowthorne A"]

1. d4 d5 2. Nc3 Nf6 3. Bf4 Bf5 4. f3 c5 5. e3 Nc6 6. g4 Bg6 7. h4 h6 8. h5 Bh7
9. Bd3 Bxd3 10. Qxd3 cxd4 11. exd4 e6 12. O-O-O Rc8 13. Nge2 a6 14. g5 hxg5 15.
Bxg5 Na5 16. Rde1 Nc4 17. b3 Ba3+ 18. Kb1 b5 19. Nf4 Rc6 20. Bxf6 gxf6 21.
Ncxd5 Be7 22. Nxe7 Na3+ 23. Kb2 Qxe7 24. Re2 Qd6 25. Nxe6 Rxc2+ 26. Rxc2 Nxc2
27. Ng7+ Kf8 28. Nf5 Nb4 29. Qc3 1-0

[Event "4NCL Division 3 South"]
[Site "Milton Keynes, ENG"]
[Date "2022.03.27"]
[Round "6.25"]
[White "Purdon, Colin"]
[Black "Calvert, D Ian"]
[Result "1/2-1/2"]
[WhiteElo "1992"]
[BlackElo "1944"]
[PlyCount "83"]
[EventDate "2022.03.27"]
[WhiteTeam "Crowthorne A"]
[BlackTeam "Iceni 1"]

1. d4 d5 2. c4 c6 3. Nf3 Nf6 4. Nc3 dxc4 5. a4 e6 6. e3 c5 7. Bxc4 Nc6 8. O-O
cxd4 9. exd4 Be7 10. Bg5 O-O 11. Rc1 h6 12. Bh4 Nb4 13. Ne5 Bd7 14. Qb3 Rc8 15.
Bxf6 gxf6 16. Nxd7 Qxd7 17. d5 exd5 18. Nxd5 Nxd5 19. Bxd5 Rxc1 20. Rxc1 b6 21.
Rd1 Qf5 22. Qg3+ Kh8 23. Qe3 Bc5 24. Qxh6+ Kg8 25. Bf3 Re8 26. Qd2 a5 27. h3
Kg7 28. Kf1 Bb4 29. Qd4 Qe5 30. Qxe5 fxe5 31. Be4 Kf6 32. g4 Kg5 33. Kg2 Kf4
34. f3 Bc5 35. h4 Bd4 36. b3 f6 37. Rh1 Rh8 38. h5 Kg5 39. Rc1 Bc5 40. Rd1 Bd4
41. Rh1 Bc5 42. Rd1 1/2-1/2

[Event "4NCL Division 3 South"]
[Site "Milton Keynes, ENG"]
[Date "2022.03.27"]
[Round "6.26"]
[White "Reynolds, D Ian W"]
[Black "Tart, Peter K"]
[Result "1-0"]
[WhiteElo "1940"]
[BlackElo "1894"]
[PlyCount "59"]
[EventDate "2022.03.27"]
[WhiteTeam "Iceni 1"]
[BlackTeam "Crowthorne A"]

1. e4 e5 2. Nf3 d5 3. exd5 Bd6 4. Nc3 Nf6 5. Bc4 e4 6. Ng5 O-O 7. O-O Bxh2+ 8.
Kxh2 Ng4+ 9. Kg1 Qxg5 10. d4 e3 11. f3 Nf2 12. Qe1 Re8 13. Ne4 Nxe4 14. Bxe3
Qg6 15. fxe4 Qxe4 16. Bf2 Bd7 17. Qxe4 Rxe4 18. Rae1 Rxe1 19. Bxe1 Be8 20. Bg3
b5 21. Bd3 Na6 22. a4 Nb4 23. Be4 Rc8 24. c3 Na6 25. d6 c6 26. axb5 Nb8 27. Ra1
cxb5 28. Rxa7 Nd7 29. Bd3 Nb6 30. Rb7 1-0

[Event "4NCL Division 3 South"]
[Site "Milton Keynes, ENG"]
[Date "2022.03.27"]
[Round "6.31"]
[White "Lightfoot, Malcolm J"]
[Black "Wilson, Jaimie"]
[Result "0-1"]
[WhiteElo "1934"]
[BlackElo "2094"]
[PlyCount "48"]
[EventDate "2022.03.27"]
[WhiteTeam "Iceni 2"]
[BlackTeam "Wessex Some Stars A"]

1. e4 e6 2. d4 d5 3. Nd2 Nf6 4. e5 Nfd7 5. Bd3 c5 6. c3 Nc6 7. Ne2 cxd4 8. cxd4
f6 9. exf6 Nxf6 10. O-O Bd6 11. Nf3 Qc7 12. Nc3 a6 13. Bg5 O-O 14. Rc1 Bd7 15.
Bh4 Rae8 16. Bg3 Bxg3 17. hxg3 Qd6 18. Re1 e5 19. dxe5 Nxe5 20. Nxe5 Rxe5 21.
Rxe5 Qxe5 22. Qd2 Ng4 23. f3 Qd4+ 24. Kf1 Bf5 0-1

[Event "4NCL Division 3 South"]
[Site "Milton Keynes, ENG"]
[Date "2022.03.27"]
[Round "6.32"]
[White "Lukosius, Rolandas"]
[Black "Rosenbach, Martin"]
[Result "1-0"]
[WhiteElo "2069"]
[BlackElo "1950"]
[PlyCount "73"]
[EventDate "2022.03.27"]
[WhiteTeam "Wessex Some Stars A"]
[BlackTeam "Iceni 2"]

1. Nf3 d5 2. g3 g6 3. Bg2 Bg7 4. d4 Nf6 5. c4 c6 6. O-O O-O 7. Bf4 dxc4 8. a4
Be6 9. Na3 Nbd7 10. Qc1 Nb6 11. a5 Nbd5 12. Nxc4 Nxf4 13. gxf4 Bxc4 14. Qxc4 e6
15. a6 b6 16. Qxc6 Rc8 17. Qa4 Nd5 18. e3 Qd6 19. Ne5 Bxe5 20. fxe5 Qb4 21.
Qxb4 Nxb4 22. Bb7 Rc2 23. Rab1 f6 24. Rfc1 fxe5 25. Rxc2 Nxc2 26. dxe5 Nb4 27.
Rd1 h6 28. Rd4 Nc2 29. Rd6 Re8 30. Be4 Nb4 31. Bxg6 Re7 32. Bd3 Rg7+ 33. Kf1
Rc7 34. Ke2 Kf7 35. Rd8 Ke7 36. Rh8 Rd7 37. Bc4 1-0

[Event "4NCL Division 3 South"]
[Site "Milton Keynes, ENG"]
[Date "2022.03.27"]
[Round "6.33"]
[White "Kenning, Paul H"]
[Black "Goater, Kevin P"]
[Result "1/2-1/2"]
[WhiteElo "1838"]
[BlackElo "2056"]
[PlyCount "75"]
[EventDate "2022.03.27"]
[WhiteTeam "Iceni 2"]
[BlackTeam "Wessex Some Stars A"]

1. d4 Nf6 2. Bf4 c6 3. c3 d6 4. e3 Qb6 5. Qb3 Nh5 6. Bg3 Nxg3 7. hxg3 Be6 8.
Qc2 g6 9. Nd2 Bg7 10. Nc4 Qc7 11. Nh3 d5 12. Nd2 Nd7 13. Bd3 Bg4 14. Nf3 e5 15.
dxe5 Nxe5 16. Nxe5 Qxe5 17. Qa4 Bf5 18. Bxf5 Qxf5 19. O-O-O a5 20. Qf4 Qxf4 21.
gxf4 b5 22. Ng5 b4 23. cxb4 axb4 24. Kb1 h6 25. Nf3 O-O 26. Nd4 c5 27. Nc6 Ra6
28. Ne7+ Kh7 29. Nxd5 Rb8 30. Rc1 Ra5 31. b3 c4 32. bxc4 b3 33. axb3 Rxb3+ 34.
Kc2 Rb2+ 35. Kd3 Ra3+ 36. Ke4 Rxf2 37. g4 Ra4 38. Nb6 1/2-1/2

[Event "4NCL Division 3 South"]
[Site "Milton Keynes, ENG"]
[Date "2022.03.27"]
[Round "6.34"]
[White "Westrap, Christian F"]
[Black "Botham, C Paul"]
[Result "1-0"]
[WhiteElo "2039"]
[BlackElo "1913"]
[PlyCount "79"]
[EventDate "2022.03.27"]
[WhiteTeam "Wessex Some Stars A"]
[BlackTeam "Iceni 2"]

1. d4 Nf6 2. c4 g6 3. f3 d5 4. cxd5 Nxd5 5. e4 Nb6 6. Be3 Bg7 7. Nc3 e5 8. dxe5
Qxd1+ 9. Rxd1 Bxe5 10. Bd4 Bxd4 11. Rxd4 Nc6 12. Bb5 Bd7 13. Bxc6 Bxc6 14. Nge2
Rd8 15. Kf2 a6 16. Rhd1 Rxd4 17. Nxd4 Bd7 18. Nb3 Ke7 19. Nc5 Bc8 20. b3 Rd8
21. Rxd8 Kxd8 22. Ke3 Nd7 23. Nd3 b6 24. g4 h6 25. h4 c6 26. g5 hxg5 27. hxg5
Ke7 28. f4 Bb7 29. f5 gxf5 30. exf5 c5 31. Kf4 b5 32. Ne5 Nb6 33. Nd3 Nd7 34.
a4 c4 35. bxc4 bxc4 36. Nb2 Nb6 37. Ke5 a5 38. f6+ Ke8 39. Kd6 Bf3 40. Kc5 1-0

[Event "4NCL Division 3 South"]
[Site "Milton Keynes, ENG"]
[Date "2022.03.27"]
[Round "6.35"]
[White "Wilks, Simon"]
[Black "Pleasants, Allan J"]
[Result "1/2-1/2"]
[WhiteElo "1800"]
[BlackElo "2031"]
[PlyCount "55"]
[EventDate "2022.03.27"]
[WhiteTeam "Iceni 2"]
[BlackTeam "Wessex Some Stars A"]

1. Nf3 g6 2. g3 Bg7 3. c4 Nf6 4. Bg2 O-O 5. O-O c5 6. Nc3 Nc6 7. d4 cxd4 8.
Nxd4 d6 9. Nxc6 bxc6 10. Bxc6 Rb8 11. Bg2 Qa5 12. Qd3 Be6 13. Nd5 Bxd5 14. cxd5
Qb5 15. Rd1 Rfc8 16. Qxb5 Rxb5 17. Rb1 Rcb8 18. e4 Nd7 19. b3 Nc5 20. Be3 a5
21. Rbc1 Bb2 22. Rc2 Ba3 23. Bf1 R5b7 24. f3 Ra8 25. e5 Nd7 26. exd6 exd6 27.
Bh3 Bc5 28. Bxc5 1/2-1/2

[Event "4NCL Division 3 South"]
[Site "Milton Keynes, ENG"]
[Date "2022.03.27"]
[Round "6.36"]
[White "Clark, Ian C"]
[Black "Gaffney, Samuel"]
[Result "1/2-1/2"]
[WhiteElo "1964"]
[BlackElo "1850"]
[PlyCount "42"]
[EventDate "2022.03.27"]
[WhiteTeam "Wessex Some Stars A"]
[BlackTeam "Iceni 2"]

1. e4 d5 2. exd5 Qxd5 3. Nc3 Qa5 4. d4 Nf6 5. Bc4 Bf5 6. Nf3 e6 7. O-O c6 8.
Re1 Nbd7 9. Ne5 Bb4 10. Bd2 O-O 11. a3 Bxc3 12. Bxc3 Qc7 13. Bd3 Bxd3 14. Qxd3
Nd5 15. Nxd7 Qxd7 16. Bd2 b5 17. Qg3 Ne7 18. Bb4 Nf5 19. Qe5 Rfc8 20. Rad1 Qd5
21. Bc5 Rd8 1/2-1/2

[Event "4NCL Division 3 South"]
[Site "Milton Keynes, ENG"]
[Date "2022.03.27"]
[Round "6.41"]
[White "Seymour, Timothy P"]
[Black "Atako, Chino C"]
[Result "1/2-1/2"]
[WhiteElo "2096"]
[BlackElo "2031"]
[PlyCount "134"]
[EventDate "2022.03.27"]
[WhiteTeam "Surbiton"]
[BlackTeam "Cambridge University 2"]

1. d4 f5 2. g3 Nf6 3. Bg2 e6 4. Nf3 d5 5. c4 c6 6. O-O Bd6 7. b3 Qe7 8. Qc2 O-O
9. Ne5 Bd7 10. Nd3 Be8 11. Bf4 Nbd7 12. Nd2 Bh5 13. Rfe1 Kh8 14. Bxd6 Qxd6 15.
Qb2 Ne4 16. Nf3 g5 17. Nfe5 Nxe5 18. Nxe5 Rad8 19. Bxe4 fxe4 20. c5 Qe7 21. Qd2
Qg7 22. g4 Bf7 23. Qe3 Bg8 24. Kg2 Rf6 25. h3 Rdf8 26. Rf1 Rf4 27. b4 a6 28. a4
Bf7 29. Qc3 Be8 30. Qg3 h5 31. e3 h4 32. Qh2 Rf3 33. Ra2 Qf6 34. Qg1 Kg8 35.
Rd1 Kh8 36. Rdd2 Kg8 37. Qe1 Qd8 38. Rdb2 R3f6 39. Qg1 Kh8 40. Qh2 Kg8 41. Ra1
Kh8 42. Rf1 Qb8 43. Kg1 Kg8 44. f3 exf3 45. Rbf2 Kg7 46. Rxf3 Rxf3 47. Rxf3
Rxf3 48. Nxf3 Qxh2+ 49. Kxh2 Kf6 50. Ne5 Ke7 51. Kg2 Kf6 52. Kf3 Ke7 53. Ke2
Kf6 54. Kd2 Ke7 55. Kc3 Kf6 56. Nd3 Bg6 57. Nf2 Be8 58. Kd2 e5 59. Nd1 e4 60.
Nc3 Ke7 61. b5 axb5 62. axb5 Kd8 63. Kc2 Kc7 64. Kb3 Bd7 65. Kb4 Be6 66. Ka5
Bd7 67. bxc6 bxc6 1/2-1/2

[Event "4NCL Division 3 South"]
[Site "Milton Keynes, ENG"]
[Date "2022.03.27"]
[Round "6.42"]
[White "Manmay Chopra"]
[Black "Scott, David A"]
[Result "0-1"]
[WhiteElo "1960"]
[BlackElo "2122"]
[PlyCount "117"]
[EventDate "2022.03.27"]
[WhiteTeam "Cambridge University 2"]
[BlackTeam "Surbiton"]

1. e4 e6 2. d3 d5 3. Nd2 Nf6 4. Ngf3 Nc6 5. g3 dxe4 6. dxe4 Bc5 7. Bg2 e5 8.
O-O O-O 9. c3 a5 10. Qe2 Qe7 11. a4 b6 12. Nc4 Ba6 13. b3 Qe6 14. Nfd2 Rad8 15.
Ba3 Bxa3 16. Rxa3 Nd7 17. Rd1 Nc5 18. Bf1 Rd3 19. Rc1 Rfd8 20. Qh5 Rxd2 21.
Nxd2 Rxd2 22. Bxa6 Nxa6 23. Rd1 g6 24. Qf3 Rxd1+ 25. Qxd1 Qd6 26. Qxd6 cxd6 27.
f3 f5 28. Kf2 fxe4 29. fxe4 Kf7 30. Ke3 Nc5 31. Ra1 Ke6 32. Rb1 Ne7 33. b4 Nxa4
34. bxa5 bxa5 35. Ra1 Nc5 36. Rxa5 Ng8 37. g4 g5 38. h3 Nf6 39. c4 h5 40. gxh5
Nxh5 41. Ra7 Nf6 42. Rg7 Ncxe4 43. Ke2 Kf5 44. Ke3 Nc5 45. Re7 d5 46. Rc7 d4+
47. Ke2 Ne6 48. Ra7 Nc5 49. Rc7 Nfd7 50. Rc6 Ke4 51. Rg6 d3+ 52. Kd1 Kf5 53.
Rg7 e4 54. Kd2 Ne5 55. Rc7 Ne6 56. Rc8 Kf4 57. Re8 e3+ 58. Kc3 e2 59. Kd2 0-1

[Event "4NCL Division 3 South"]
[Site "Milton Keynes, ENG"]
[Date "2022.03.27"]
[Round "6.43"]
[White "Singleton, Michael P F"]
[Black "Walkusz, Miroslaw"]
[Result "0-1"]
[WhiteElo "2060"]
[BlackElo "1939"]
[PlyCount "38"]
[EventDate "2022.03.27"]
[WhiteTeam "Surbiton"]
[BlackTeam "Cambridge University 2"]

1. d4 d5 2. c4 c6 3. Nc3 e6 4. Nf3 Nf6 5. Qc2 Bd6 6. e3 Nbd7 7. Bd3 O-O 8. Ng5
h6 9. h4 dxc4 10. Bxc4 b5 11. Bd3 Bb7 12. Nce4 Bb4+ 13. Kf1 a6 14. a3 Be7 15.
Bd2 c5 16. Nxf6+ Nxf6 17. dxc5 Qd5 18. Bh7+ Kh8 19. Nxf7+ Rxf7 0-1

[Event "4NCL Division 3 South"]
[Site "Milton Keynes, ENG"]
[Date "2022.03.27"]
[Round "6.44"]
[White "Webster, Peter A N"]
[Black "Faulks, Nick"]
[Result "1-0"]
[WhiteElo "1935"]
[BlackElo "1844"]
[PlyCount "69"]
[EventDate "2022.03.27"]
[WhiteTeam "Cambridge University 2"]
[BlackTeam "Surbiton"]

1. e4 c5 2. c3 d5 3. exd5 Qxd5 4. d4 Nc6 5. Nf3 Bg4 6. Nbd2 cxd4 7. cxd4 e6 8.
Bc4 Qa5 9. Qb3 Qb4 10. O-O O-O-O 11. Ne5 Nxe5 12. dxe5 Qxb3 13. Nxb3 Ne7 14.
Be3 Nc6 15. f4 Be7 16. Bb5 a6 17. Bxc6 bxc6 18. Rfc1 Kc7 19. Na5 c5 20. b4 Rd5
21. Nb3 Rb8 22. Nxc5 Bxc5 23. Bxc5 Kd7 24. Bd6 Rb7 25. Rc3 Rd4 26. g3 Rd2 27.
a4 Rd1+ 28. Rxd1 Bxd1 29. a5 Be2 30. Kf2 Bb5 31. g4 g6 32. Rh3 Kc6 33. Rxh7 Kd5
34. Ke3 Kc4 35. h4 1-0

[Event "4NCL Division 3 South"]
[Site "Milton Keynes, ENG"]
[Date "2022.03.27"]
[Round "6.45"]
[White "Davies, Neil"]
[Black "OShea, Colm"]
[Result "1-0"]
[WhiteElo "1804"]
[BlackElo "1850"]
[PlyCount "105"]
[EventDate "2022.03.27"]
[WhiteTeam "Surbiton"]
[BlackTeam "Cambridge University 2"]

1. Nf3 d5 2. d4 Nf6 3. g3 c5 4. c4 dxc4 5. Bg2 Nc6 6. Qa4 Qa5+ 7. Qxa5 Nxa5 8.
Nc3 Bd7 9. d5 g6 10. Bf4 Rc8 11. Ne5 Nh5 12. Nxd7 Nxf4 13. gxf4 Kxd7 14. Bh3+
f5 15. e4 e6 16. O-O-O Re8 17. dxe6+ Kxe6 18. exf5+ gxf5 19. Rd5 Be7 20. Re1+
Kf7 21. Rxf5+ Kg7 22. Rg1+ Kh6 23. Nd5 Nc6 24. Nxe7 Nxe7 25. Rf6+ Ng6 26. f5
Rhf8 27. Rd6 Rd8 28. Rgd1 Rxd6 29. Rxd6 Kg5 30. fxg6 hxg6 31. Rd2 b6 32. Kd1 c3
33. bxc3 Rf3 34. Bf1 Rxc3 35. Rd3 Rxd3+ 36. Bxd3 Kf6 37. Kd2 g5 38. Ke3 Ke5 39.
h3 Kd5 40. f4 gxf4+ 41. Kxf4 Ke6 42. h4 Kf6 43. h5 Kg7 44. Kg5 Kh8 45. a4 Kg7
46. h6+ Kh8 47. Kg6 Kg8 48. h7+ Kh8 49. Bc4 a6 50. Bxa6 b5 51. axb5 c4 52. b6
c3 53. b7 1-0

[Event "4NCL Division 3 South"]
[Site "Milton Keynes, ENG"]
[Date "2022.03.27"]
[Round "6.46"]
[White "Alldritt, Nigel R E"]
[Black "Alcock, Graham P"]
[Result "1/2-1/2"]
[WhiteElo "1935"]
[BlackElo "1747"]
[PlyCount "57"]
[EventDate "2022.03.27"]
[WhiteTeam "Cambridge University 2"]
[BlackTeam "Surbiton"]

1. d4 Nf6 2. c4 c5 3. Nf3 cxd4 4. Nxd4 Nc6 5. Nc3 g6 6. e4 d6 7. Be2 Bg7 8. Be3
O-O 9. Nxc6 bxc6 10. O-O Qc7 11. f3 Bb7 12. Rc1 Rfd8 13. Qe1 e6 14. Qf2 Qe7 15.
Rfd1 Ne8 16. b4 a6 17. a4 Rdc8 18. a5 h5 19. Na4 Rd8 20. Nb6 Rab8 21. Bf1 Kh7
22. g3 Bh6 23. Bxh6 Kxh6 24. Qe3+ Kg7 25. f4 Nc7 26. Bg2 Qe8 27. e5 d5 28. cxd5
Nxd5 29. Nxd5 1/2-1/2

[Event "4NCL Division 3 South"]
[Site "Milton Keynes, ENG"]
[Date "2022.03.27"]
[Round "6.51"]
[White "Cox, Toby"]
[Black "Machacek, Martin"]
[Result "1-0"]
[WhiteElo "2096"]
[BlackElo "2051"]
[PlyCount "55"]
[EventDate "2022.03.27"]
[WhiteTeam "MK Phoenix 1"]
[BlackTeam "Poole"]

1. e4 d6 2. d4 Nf6 3. Nc3 c6 4. Be3 Qa5 5. Bd3 e5 6. Nge2 Be7 7. O-O O-O 8. h3
a6 9. f4 Nbd7 10. g4 b5 11. Ng3 b4 12. Nce2 c5 13. fxe5 dxe5 14. d5 Nb6 15. Kh2
Bxg4 16. Qd2 Bc8 17. b3 Re8 18. Bg5 Nbd7 19. Nf5 Bd8 20. Nxg7 Kxg7 21. Bh6+ Kh8
22. Rg1 Rg8 23. Rxg8+ Nxg8 24. Rg1 Nxh6 25. Qxh6 Bf6 26. Ng3 Qd8 27. Nh5 a5 28.
Rg7 1-0

[Event "4NCL Division 3 South"]
[Site "Milton Keynes, ENG"]
[Date "2022.03.27"]
[Round "6.52"]
[White "Duggan, Michael F G"]
[Black "Freeman, Richard C P"]
[Result "1/2-1/2"]
[WhiteElo "2062"]
[BlackElo "2043"]
[PlyCount "102"]
[EventDate "2022.03.27"]
[WhiteTeam "Poole"]
[BlackTeam "MK Phoenix 1"]

1. d4 g6 2. c4 Bg7 3. e4 d6 4. Nc3 e5 5. d5 f5 6. Bd3 Nf6 7. Bg5 h6 8. Bxf6
Qxf6 9. Qd2 Na6 10. O-O-O Nc5 11. f3 fxe4 12. fxe4 Qf4 13. Qxf4 Nxd3+ 14. Rxd3
exf4 15. Nge2 O-O 16. Rf1 g5 17. h4 Bg4 18. hxg5 hxg5 19. Nd4 a6 20. Nf3 Bf6
21. Re1 Rae8 22. Kc2 Re7 23. Nd2 Kg7 24. Rf1 Kg6 25. b4 Rh8 26. c5 Rh2 27. Rg1
Be5 28. Kb3 Bd7 29. Nf3 Rh8 30. Nxe5+ Rxe5 31. g3 Rf8 32. gxf4 Rxf4 33. Rdg3
Kf6 34. a4 Be8 35. cxd6 cxd6 36. b5 axb5 37. axb5 Bg6 38. Ra1 Bxe4 39. Ra7 Rf3
40. Rxf3+ Bxf3 41. Rxb7 Bxd5+ 42. Nxd5+ Rxd5 43. Kb4 g4 44. Ra7 Rd1 45. Ra3
Rb1+ 46. Ka5 d5 47. b6 d4 48. Rg3 Kf5 49. Rd3 Ke4 50. Rg3 Kf4 51. Rd3 Ke4
1/2-1/2

[Event "4NCL Division 3 South"]
[Site "Milton Keynes, ENG"]
[Date "2022.03.27"]
[Round "6.53"]
[White "Brown, Alan M"]
[Black "Stanciu, Ciprian"]
[Result "1/2-1/2"]
[WhiteElo "2027"]
[BlackElo "2002"]
[PlyCount "42"]
[EventDate "2022.03.27"]
[WhiteTeam "MK Phoenix 1"]
[BlackTeam "Poole"]

1. d4 Nf6 2. c4 d6 3. g3 c6 4. Bg2 Nbd7 5. Nf3 e5 6. dxe5 dxe5 7. O-O Qc7 8.
Nc3 Be7 9. b3 O-O 10. e3 Re8 11. Bb2 h6 12. Qc2 Nh7 13. Rad1 Ng5 14. Nxg5 Bxg5
15. Rd2 Be7 16. Rfd1 Nf6 17. Ne4 Nxe4 18. Bxe4 Bg4 19. f3 Be6 20. c5 Rad8 21.
a3 Rxd2 1/2-1/2

[Event "4NCL Division 3 South"]
[Site "Milton Keynes, ENG"]
[Date "2022.03.27"]
[Round "6.54"]
[White "Weatherlake, John P"]
[Black "Smith, Graham"]
[Result "1/2-1/2"]
[WhiteElo "1972"]
[BlackElo "1984"]
[PlyCount "86"]
[EventDate "2022.03.27"]
[WhiteTeam "Poole"]
[BlackTeam "MK Phoenix 1"]

1. e4 c5 2. Nf3 Nc6 3. d4 cxd4 4. Nxd4 e5 5. Nb5 a6 6. Nd6+ Bxd6 7. Qxd6 Qf6 8.
Qxf6 Nxf6 9. Nc3 d5 10. Bg5 Nxe4 11. Nxd5 O-O 12. Ne7+ Nxe7 13. Bxe7 Re8 14.
Bb4 b5 15. a4 Bd7 16. f3 Nf6 17. O-O-O bxa4 18. Rd6 Bb5 19. c4 Rac8 20. c5 e4
21. Rxa6 Bxa6 22. Bxa6 Rc7 23. Rd1 h6 24. Kb1 Rb8 25. Ba3 exf3 26. gxf3 Rb3 27.
Rd8+ Kh7 28. Bd3+ g6 29. f4 Rxa3 30. bxa3 Rxc5 31. Rd4 Rd5 32. Rxd5 Nxd5 33. f5
gxf5 34. Bxf5+ Kg7 35. Bc2 Kf6 36. Kb2 Nb6 37. Kc3 Ke5 38. Kb4 f5 39. Kc5 Nd5
40. Bxa4 f4 41. Bb5 f3 42. Bf1 Nc3 43. Kc4 Nb1 1/2-1/2